000 00966nam a22003017a 4500
003 CHAP
005 20220329134830.0
008 971013s r 00010 d
010 _a26648
011 _a27620
035 _a31721
040 _cCHAP
090 _aR-2973
100 0 0 _aIve, J. R.
_960716
245 _aLUPLAN
_b: a computer packaze to support inventory evaluation and allocation of land resources
500 _aSobretiro de: Soil Survey and Land evaluation 5 (3): 77-87, 1985
590 _aBATCH-UPD
_b10
_c20130110
_lUCH01
_h1809
590 _aBATCH-UPD
_b10
_c20130410
_lUCH01
_h1144
590 _aBATCH-UPD
_b10
_c20130914
_lUCH01
_h1001
590 _aCONVERSION
_b10
_c20130109
_lUCH01
_h1315
650 1 4 _aTierras
_xEvaluación.
_9113113
650 1 4 _aTierras
_xUtilización.
_9113219
700 0 _aCocks, K. D.
_924232
700 0 _aDavis, J. Ruhard.
_931271
901 _aBK
942 _cREIMP
949 _aR-2973
_bBC
_cR
_d-73398
_eTS1
_i31721
_si
999 _c26648
_d26648